000
00258nam a2200097Ia 4500
008
171211s9999 xx 000 0 und d
245
_a
Just Tanks! Big Book Of Photos Volume 1. Just Pictures Of Tanks
245
_c
Other
260
_c
2012
650
_x
Military
999
_c
348298
_d
348298